<?xml version="1.0" encoding="UTF-8"?><?xml-stylesheet type="text/xsl" href="static/style.xsl"?><OAI-PMH xmlns="http://www.openarchives.org/OAI/2.0/" xmlns:xsi="http://www.w3.org/2001/XMLSchema-instance" xsi:schemaLocation="http://www.openarchives.org/OAI/2.0/ http://www.openarchives.org/OAI/2.0/OAI-PMH.xsd"><responseDate>2026-04-28T19:26:41Z</responseDate><request verb="GetRecord" identifier="oai:uvadoc.uva.es:10324/23802" metadataPrefix="marc">https://uvadoc.uva.es/oai/request</request><GetRecord><record><header><identifier>oai:uvadoc.uva.es:10324/23802</identifier><datestamp>2021-07-06T08:23:21Z</datestamp><setSpec>com_10324_23595</setSpec><setSpec>com_10324_5186</setSpec><setSpec>com_10324_29291</setSpec><setSpec>col_10324_23623</setSpec></header><metadata><record xmlns="http://www.loc.gov/MARC21/slim" xmlns:doc="http://www.lyncode.com/xoai" xmlns:xsi="http://www.w3.org/2001/XMLSchema-instance" xmlns:dcterms="http://purl.org/dc/terms/" xsi:schemaLocation="http://www.loc.gov/MARC21/slim http://www.loc.gov/standards/marcxml/schema/MARC21slim.xsd">
<leader>00925njm 22002777a 4500</leader>
<datafield tag="042" ind1=" " ind2=" ">
<subfield code="a">dc</subfield>
</datafield>
<datafield tag="720" ind1=" " ind2=" ">
<subfield code="a">Pérez Muñoz, Salvador</subfield>
<subfield code="e">author</subfield>
</datafield>
<datafield tag="720" ind1=" " ind2=" ">
<subfield code="a">Sánchez Vegas, Miguel</subfield>
<subfield code="e">author</subfield>
</datafield>
<datafield tag="260" ind1=" " ind2=" ">
<subfield code="c">2015</subfield>
</datafield>
<datafield tag="520" ind1=" " ind2=" ">
<subfield code="a">The purpose of our study was the analysis of motivational differences involved in the practice of cooperative and especially non-competitive outdoor activities organized by the Salamanca´s City Hall. The sample were configurated by 176 school boys and girls, aged 9 to 15 (M = 12; SD = 1.5), from 21 different local schools who completed a questionnaire designed ad hoc. For 90% of participants the main reasons argued for engaging in these activities were “to get to know new sports” and “to do something different from what is normally being offered”; 79% valued the choice of this programme in terms of “the importance of being in contact with nature”; and 68% made positive comments on the fact that “there was no competition involved”. All in all, 99% were satisfied both with instructors and activities. Therefore, participants perceived the programme as a great success and as a very motivating initiative; the most highlighted features were its novelty, its non-competitive and cooperative nature and the fact that activities took place in a natural environment.</subfield>
</datafield>
<datafield tag="520" ind1=" " ind2=" ">
<subfield code="a">El objeto de nuestro estudio fue el análisis de las diferencias motivacionales para la práctica de actividades deportivas en el medio natural, de carácter cooperativo y especialmente no competitivas, organizadas por el Ayuntamiento de Salamanca. La muestra estuvo compuesta por 176 escolares, pertenecientes a 21 centros, con edades comprendidas entre los 9 y los 15 años (M= 12, DT= 1,5), que completaron un cuestionario creado ad hoc. Los principales motivos para realizar estas actividades han sido, para el 90%, “conocer nuevos deportes” y “porque es distinto a lo que les ofrecen habitualmente”. El 79% valora la elección de este programa por la importancia del “contacto con la Naturaleza” y el 68% porque “no exista competición”. El 99% se muestran satisfechos con los monitores y la actividad. Por lo tanto, el éxito del programa es total por parte de todos los participantes y muy motivante, al ser novedoso, no competitivo, cooperativo y realizado en medio natural.</subfield>
</datafield>
<datafield tag="024" ind2=" " ind1="8">
<subfield code="a">Agora para la educación física y el deporte, 2015, N.3, pags.284-299</subfield>
</datafield>
<datafield tag="024" ind2=" " ind1="8">
<subfield code="a">1578-2174</subfield>
</datafield>
<datafield tag="024" ind2=" " ind1="8">
<subfield code="a">http://uvadoc.uva.es/handle/10324/23802</subfield>
</datafield>
<datafield tag="024" ind2=" " ind1="8">
<subfield code="a">284</subfield>
</datafield>
<datafield tag="024" ind2=" " ind1="8">
<subfield code="a">3</subfield>
</datafield>
<datafield tag="024" ind2=" " ind1="8">
<subfield code="a">299</subfield>
</datafield>
<datafield tag="245" ind1="0" ind2="0">
<subfield code="a">Motivos de participación y satisfacción en actividades cooperativas y no competitivas en el medio natural</subfield>
</datafield>
</record></metadata></record></GetRecord></OAI-PMH>